معرض الفن الاسلامى / expositions D Art Musulman
محفوظ في:
مؤلف مشترك:
التنسيق: كتاب
اللغة: Undetermined
منشور في:
Cairo
R.schindeler Imprimeur
1947
الوسوم: إضافة وسم
لا توجد وسوم, كن أول من يضع وسما على هذه التسجيلة!
رقم الطلب: A80 ARAB
| LEADER | 00389nam a2200121Ia 4500 | ||
|---|---|---|---|
| 008 | 240404s9999||||xx |||||||||||||| ||und|| | ||
| 050 | 4 | |a A80 ARAB | |
| 110 | 0 | |a دار الآثار العربية/ Musee Arabe. | |
| 245 | 1 | 0 | |a معرض الفن الاسلامى / expositions D Art Musulman |
| 264 | 1 | |a Cairo |b R.schindeler Imprimeur |c 1947 | |
| 300 | |a 47 |b 131 plates |c 21 | ||
| 942 | |2 lcc |c BK | ||
| 999 | |c 58035 |d 58035 | ||
